Genealogia świerklanieckiego rodu Mitręgów/Mitrengów
| Titel: | Genealogia świerklanieckiego rodu Mitręgów/Mitrengów / Mirosław Mitrenga |
|---|---|
| Verfasser: | |
| Veröffentlicht: | Chorzów : Muzeum "Górnośląski Park Etnograficzny w Chorzowie", 2018 |
| Umfang: | 180 Seiten : Illustrationen |
| Format: | Buch |
| Sprache: | Polnisch |
| Schriftenreihe/ mehrbändiges Werk: |
Monografie i materiały ; 11 |
| ISBN: | 9788394860790 |
| Hinweise zum Inhalt: |
Inhaltsverzeichnis
|
alg: 43928137 001A $03004:28-11-18 001B $03025:06-12-22 $t13:26:32.000 001D $03004:29-01-19 001U $0utf8 001X $00 002@ $0Aau 002C $aText $btxt $2rdacontent 002D $aohne Hilfsmittel zu benutzen $bn $2rdamedia 002E $aBand $bnc $2rdacarrier 003@ $0439281377 004A $A978-83-948607-9-0 007A $0439281377 $aHEB 007G $0DE02024A0B33CC214FD67C12583BA003D6A21 009P $qapplication/pdf $A2 $3Inhaltsverzeichnis $uhttp://scans.hebis.de/HEBCGI/show.pl?43928137_toc.pdf $mV:DE-603;B:DE-Mb50 010@ $apol 010E $erda 011@ $a2018 021A $aGenealogia świerklanieckiego rodu Mitręgów/Mitrengów $hMirosław Mitrenga 028A $BVerfasser $4aut $7 $8Mitrenga, Mirosław [Tnu] $9441580009 033A $pChorzów $nMuzeum "Górnośląski Park Etnograficzny w Chorzowie" 034D $a180 Seiten 034M $aIllustrationen 036E $aMonografie i materiały $l11 037A $aLiteraturverzeichnis Seite 155-157 044K $8$PMitręga$lFamilie$Zab 1689 [Tp1] $9445807016 044K $RHistorische Hilfswissenschaften $RAbstammung $RLineage $RGenealoge $#Genealogy $#Généalogie $#Genealogie $#Ahnenforschung $#Ahnenkunde $#Familienforschung Genealogie $#Familiengeschichte Genealogie $#Familienkunde $#Historische Familienforschung $#Sippenkunde $#Abstammung Genealogie $#Herkunft Genealogie $74020097-8 $8Genealogie [Ts1] $9085048054 045F $a929.09438 $eDDC23BSB 045F/01 $a929 045F/03 $g438 046L $aZusammenfassung in englischer Sprache lok: 43928137 24 exp: 43928137 24 1 #EPN 201B/01 $005-03-19 $t14:41:38.000 201C/01 $028-11-18 201U/01 $0utf8 203@/01 $01035275899 208@/01 $a29-01-19 $bz 209A/01 $a19.00092 $du $f050 $h19 00092 $x00 209C/01 $a19.00092 K $h19 00092 K 209G/01 $a73999545 $x00 220C/01 $aho-sz 244Z/01 $8--Tp1--$PMitręga$lFamilie$Zab 1689 $x01 $9445807016 247C/01 $8358050-7Marburg, Bibliothek des Herder-Instituts Marburg $9102600961 lok: 43928137 78 exp: 43928137 78 1 #EPN 201B/01 $006-12-22 $t13:28:07.000 201C/01 $006-12-22 201U/01 $0utf8 203@/01 $01220933082 208@/01 $a06-12-22 $be 209A/01 $a/ $f000 $x00 209A/01 $ab*p $x01 220C/01 $apgar 244Z/01 $#Generalgouvernement Polen $#Polska $#Rzeczpospolita Polska $#Polska Rzeczpospolita Ludowa $#Poland $#Pologne $#République Polonaise $#Generalne Gubernatorstwo w Polsce $#Polish People's Republic $#Polska Rzeczpospolita Polen $#PRL $#RP $#Polen Generalgouvernement $#Polska Generalgouvernement $#Besetzte Polnische Gebiete $#Besetztes Gebiet in Polen $#Okupowane Polskie Obszary $#Obszary Okupowane w Polsce $#Volksrepublik Polen $#Polska Rosyjska $#Republic Polen $#Respublika Pol'ša $#Pol'skaja Narodnaja Respublika $#République de Pologne $#Polen Links der Weichsel $#Polska po Lewej Stronie Wisły $#Lenkija $#Polija $#Gubernija Carstva Pol'skago $#Republik Polen $74046496-9 $8--Tg1--Polen $x01 $9085129801 244Z/01 $#Schlesien $#Schlesien $#Herzogtum Schlesien $#Herzogtum Schlesien Schlesien $#Provinz Schlesien $#Śla̜sk $#Slezsko $#Silesia $74052678-1 $8--Tg1--Schlesien $x02 $9085146781 244Z/01 $#Neudeck Woiwodschaft Schlesien $75343363-4 $8--Tg1--Świerklaniec $x03 $9083790527 247C/01 $82080>Marburg/Lahn, Herder-Institut, Forschungsbibliothek, Bibliographieportal $9336309341
| LEADER | 00000cam a2200000 c 4500 | ||
|---|---|---|---|
| 001 | 439281377 | ||
| 003 | DE-603 | ||
| 005 | 20221206132632.0 | ||
| 007 | tu | ||
| 008 | 181128s2018 xx |||| | u00||u|pol c | ||
| 020 | |a 9788394860790 | ||
| 035 | |a (DE-599)HEB439281377 | ||
| 040 | |a DE-603 |b ger |c DE-603 |d DE-603 |e rda | ||
| 041 | |a pol | ||
| 082 | 0 | 4 | |8 1\u |a 929.09438 |q DE-101 |2 23/BSB |
| 085 | |8 1\u |b 929 | ||
| 085 | |8 1\u |z 2 |s 438 | ||
| 100 | 1 | |a Mitrenga, Mirosław |e Verfasser |4 aut |0 (DE-603)441580009 | |
| 245 | 0 | 0 | |a Genealogia świerklanieckiego rodu Mitręgów/Mitrengów |c Mirosław Mitrenga |
| 264 | 1 | |a Chorzów |b Muzeum "Górnośląski Park Etnograficzny w Chorzowie" |c 2018 | |
| 300 | |a 180 Seiten |b Illustrationen | ||
| 336 | |a Text |b txt |2 rdacontent | ||
| 337 | |a ohne Hilfsmittel zu benutzen |b n |2 rdamedia | ||
| 338 | |a Band |b nc |2 rdacarrier | ||
| 490 | 0 | |a Monografie i materiały |v 11 | |
| 500 | |a Literaturverzeichnis Seite 155-157 | ||
| 546 | |a Zusammenfassung in englischer Sprache | ||
| 600 | 3 | 7 | |a Mitręga |c Familie |d ab 1689 |0 (DE-588)1179823346 |0 (DE-603)445807016 |2 gnd |
| 650 | 7 | |a Genealogie |0 (DE-588)4020097-8 |0 (DE-603)085048054 |2 gnd | |
| 856 | 4 | 2 | |m V:DE-603;B:DE-Mb50 |q application/pdf |u http://scans.hebis.de/HEBCGI/show.pl?43928137_toc.pdf |3 Inhaltsverzeichnis |
| 924 | 0 | |9 Mb 50 |a (DE-603)1035275899 |b DE-Mb50 |c HES |d c |g 19.00092 | |
| 924 | 0 | |9 2080 |a (DE-603)1220933082 |b DE-2080 |c HES |d d |g / | |


